<?xml version="1.0" encoding="UTF-8"?>
<marc:record xmlns:marc="http://www.loc.gov/MARC21/slim">
   <marc:leader>00000nam a2200000 a 4500</marc:leader>
   <marc:datafield ind1="1" ind2=" " tag="100">
      <marc:subfield code="a">Brüder Grimm</marc:subfield>
      <marc:subfield code="4">aut</marc:subfield>
      <marc:subfield code="e">Verfasser/-in</marc:subfield>
   </marc:datafield>
   <marc:datafield ind1="0" ind2="0" tag="245">
      <marc:subfield code="a">Die Wichtelmänner</marc:subfield>
   </marc:datafield>
   <marc:datafield ind1=" " ind2="1" tag="264">
      <marc:subfield code="a">Gossau</marc:subfield>
      <marc:subfield code="b">Nord-Süd</marc:subfield>
      <marc:subfield code="c">1996</marc:subfield>
   </marc:datafield>
   <marc:datafield ind1="1" ind2=" " tag="520">
      <marc:subfield code="a">Wichtelmänner sind eine märchenhafte Erklärung für kleine Wunder. Doch Katrin Brandts Wichtelmänner sind auch ein Wunder an sich: ein wunderbares Bilderbuch. Während man sich Wichtel meist als kleine Zwerge vorstellt, malte die Künstlerin zwei quirlige Knaben, die sie in raffinierten Bildkompositionen teils groß präsentiert. Die beiden Kerlchen tollen vergnügt durch die Schuhmacher-Werkstatt, nähen mit flinken Fingern die zugeschnittenen Lederstücke zusammen und verhelfen so den armen Schusterleuten zu neuem Glück. Das alte Ehepaar schaut dem mitternächtlichen Treiben heimlich zu und bedankt sich mit winzigen Kleidern und Schuhen. Erfreut ziehen die Wichtel die Geschenke an, tanzen übermütig herum und auf und davon…</marc:subfield>
   </marc:datafield>
   <marc:datafield ind1=" " ind2=" " tag="020">
      <marc:subfield code="a">9783314002564</marc:subfield>
      <marc:subfield code="9">9783314002564</marc:subfield>
   </marc:datafield>
   <marc:datafield ind1=" " ind2=" " tag="300">
      <marc:subfield code="a">28 S.</marc:subfield>
   </marc:datafield>
</marc:record>
